| 000 | 00659nam a2200265Ia 4500 | ||
|---|---|---|---|
| 008 | 181129s9999 xx 000 0 und d | ||
| 020 | _a9780545505079 | ||
| 050 | _bC626 2011 | ||
| 100 | _aClements, Andrew | ||
| 245 | 0 | _aTroublemaker / | |
| 245 | 0 | _cby Andrew Clements. | |
| 260 | _aNew York, NY : | ||
| 260 | _bScholastic, | ||
| 260 | _c2011 | ||
| 300 | _a140 pages : | ||
| 300 | _billustrations ; | ||
| 300 | _c19cm. | ||
| 650 | _aBrothers. | ||
| 650 | _aChildren -- | ||
| 650 | _aElementary schools. | ||
| 650 | _aPlayaway (Preloaded audio player). | ||
| 650 | _aProblem children. | ||
| 650 | _xConduct of life. | ||
| 700 | _aTitle. | ||
| 999 |
_c360303 _d360303 |
||